| 000 -CABECERA |
| Longitud fija campo de control |
01444nam a22004334i 4500 |
| 001 - NÚMERO DE CONTROL |
| Número de control |
.b75289167 |
| 003 - IDENTIFICADOR DEL NÚMERO DE CONTROL |
| Identificador del número de control |
OSt |
| 005 - FECHA Y HORA DE LA ÚLTIMA TRANSACCIÓN |
| Fecha y hora de la última transacción |
20210518133029.0 |
| 008 - CÓDIGOS DE INFORMACIÓN DE LONGITUD FIJA |
| Códigos de información de longitud fija |
210428e202103 spc||||| |||||0|| 0dcat|c |
| 017 ## - NÚMERO DE COPYRIGHT O DE DEPÓSITO LEGAL |
| Número de copyright o de depósito legal |
DL B 1509-2021 |
| Agencia que asigna el número |
Biblioteca de Catalunya |
| 020 ## - NÚMERO INTERNACIONAL NORMALIZADO PARA LIBROS |
| Número Internacional Normalizado para Libros (ISBN) |
9788417804831 |
| 040 ## - FUENTE DE LA CATALOGACIÓN |
| Centro catalogador de origen |
ES-BaUB |
| Lengua de catalogación |
cat |
| Normas de descripción |
rda |
| Centro transcriptor |
ES-BaUB |
| 041 1# - CÓDIGO DE LENGUA |
| Código de lengua del texto/banda sonora o título independiente |
cat |
| Código de lengua original |
spa |
| 100 1# - PUNTO DE ACCESO PRINCIPAL-NOMBRE DE PERSONA |
| Nombre de persona |
Calatrava, Albert, |
| Fechas asociadas al nombre |
1976- |
| Término indicativo de función |
autor |
| 240 10 - TÍTULO UNIFORME |
| Título uniforme |
<a href="Armadura del rey.">Armadura del rey.</a> |
| Lengua de la obra |
Català |
| 245 12 - MENCIÓN DE TÍTULO |
| Título |
L'armadura del rei / |
| Mención de responsabilidad, etc. |
Albert Calatrava, Eider Hurtado, Ana Pardo de Vera ; traducció d'Octavi Gil Pujol |
| 250 ## - MENCIÓN DE EDICIÓN |
| Mención de edición |
Primera edició |
| 264 #1 - PRODUCCIÓN, PUBLICACIÓN , DISTRIBUCIÓN, FABRICACIÓN Y COPYRIGHT |
| Lugar de producción, publicación, distribución, fabricación |
Barcelona : |
| Nombre del productor, editor, distribuidor, fabricante |
Ara Llibres, |
| Fecha de de producción, publicación, distribución, fabricación o copyright |
març del 2021 |
| 300 ## - DESCRIPCIÓN FÍSICA |
| Extensión |
269 pàgines ; |
| Dimensiones |
21 cm |
| 336 ## - TIPO DE CONTENIDO |
| Término de tipo de contenido |
text |
| Código de tipo de contenido |
txt |
| Fuente |
rdacontent |
| 337 ## - TIPO DE MEDIO |
| Nombre del tipo de medio |
sense mediació |
| Código del tipo de medio |
n |
| Fuente |
rdamedia |
| 338 ## - TIPO DE SOPORTE |
| Nombre del tipo de soporte |
volum |
| Código del tipo de soporte |
nc |
| Fuente |
rdacarrier |
| 490 1# - MENCIÓN DE SERIE |
| Mención de serie |
Pausa ; |
| Designación de volumen o secuencia |
9 |
| 546 ## - NOTA DE LENGUA |
| Nota de lengua |
Traducció de: La armadura del rey |
| 600 04 - PUNTO DE ACCESO ADICIONAL DE MATERIA - NOMBRE DE PERSONA |
| Nombre de persona |
Joan Carles |
| Numeración |
I, |
| Títulos y otros títulos asociados al nombre (R ) |
rei d'Espanya, |
| Fechas asociadas al nombre |
1938- |
| 648 #9 - PUNTO DE ACCESO ADICIONAL DE MATERIA - TÉRMINO CRONOLÓGICO |
| Término cronológico |
Segle XX-segle XXI |
| Fuente del encabezamiento o término |
thub |
| 650 #9 - PUNTO DE ACCESO ADICIONAL DE MATERIA - TÉRMINO DE MATERIA |
| Término de materia o nombre geográfico como elemento inicial |
Monarquia |
| Fuente del encabezamiento o término |
thub |
| 650 #9 - PUNTO DE ACCESO ADICIONAL DE MATERIA - TÉRMINO DE MATERIA |
| Término de materia o nombre geográfico como elemento inicial |
Reis i sobirans |
| Fuente del encabezamiento o término |
thub |
| 650 #9 - PUNTO DE ACCESO ADICIONAL DE MATERIA - TÉRMINO DE MATERIA |
| Término de materia o nombre geográfico como elemento inicial |
Corrupció política |
| Fuente del encabezamiento o término |
thub |
| 650 #9 - PUNTO DE ACCESO ADICIONAL DE MATERIA - TÉRMINO DE MATERIA |
| Término de materia o nombre geográfico como elemento inicial |
Història |
| Fuente del encabezamiento o término |
tub |
| 651 #9 - PUNTO DE ACCESO ADICIONAL DE MATERIA - NOMBRE GEOGRÁFICO |
| Nombre geográfico |
Espanya |
| Fuente del encabezamiento o término |
thub |
| 700 1# - PUNTO DE ACCESO ADICIONAL - NOMBRE DE PERSONA |
| Nombre de persona |
Hurtado, Eider, |
| Fechas asociadas al nombre |
1982- |
| Término indicativo de función |
autor |
| 700 1# - PUNTO DE ACCESO ADICIONAL - NOMBRE DE PERSONA |
| Nombre de persona |
Pardo de Vera, Ana, |
| Término indicativo de función |
autor |
| 700 1# - PUNTO DE ACCESO ADICIONAL - NOMBRE DE PERSONA |
| Nombre de persona |
Gil Pujol, Octavi, |
| Término indicativo de función |
traductor |
| 830 #0 - PUNTO DE ACCESO ADICIONAL DE SERIE - TÍTULO UNIFORME |
| Título uniforme |
Pausa (Ara Llibres) ; |
| Designación de volumen o secuencia |
9 |
| 907 ## - ELEMENTO G DATOS LOCALES, GDL (RLIN) |
| a |
.b75289167 |
| b |
12-05-21 |
| c |
28-04-21 |
| d |
28-04-21 |
| e |
m |
| f |
a |
| g |
- |
| h |
cat |
| i |
spc |
| j |
0 |
| k |
0 |
| 940 ## - |
| T&íacute;tulo uniforme |
<a href="CVA5">CVA5</a> |
| 942 ## - ENTRADA DE ELEMENTOS AGREGADOS (KOHA) |
| Fuente de clasificaión o esquema |
|
| Koha [por defecto] tipo de item |
Monografies |